Music Quiz

Random Music or Clickable Quiz

Famous Song Lyrics Quiz Stats

 Plays Quiz not verified by Sporcle

Support Sporcle.
Go Orange.
Score 0/25 Timer 10:00
0 Plays Today
% Correct
Fire
85.7%
Battlefield
77.1%
Day
71.4%
Hug me
65.7%
Unsteady
62.9%
Set
62.9%
Roll
60%
Know
60%
You
54.3%
Aunt's house
51.4%
Scene
51.4%
Stores
51.4%
Stars
48.6%
% Correct
Good-looking
45.7%
Moonlight
45.7%
Snow Flakes
42.9%
Following
42.9%
Lady Gaga
40%
Coffin
37.1%
Horse
34.3%
Proud
28.6%
Evolving
22.9%
Aftermath
17.1%
Home
17.1%
Wishes
8.6%

You're not logged in!

Compare scores with friends on all Sporcle quizzes.
OR
Log In

From the Vault

Multi-Category Minefield Blitz: 20th Century

by Thebiguglyalien

The 20th century: also known as the time before Billie Eilish existed.
Remove Ads.
Support Sporcle.
Get the best of Sporcle when you Go Orange. This ad-free experience offers more features, more stats, and more fun while also helping to support Sporcle. Thank you for becoming a member.

Show Comments

Extras

Top Quizzes Today


Score Distribution

Your Account Isn't Verified!

In order to create a playlist on Sporcle, you need to verify the email address you used during registration. Go to your Sporcle Settings to finish the process.

Report this User

Report this user for behavior that violates our Community Guidelines.

Details: